000 00747nam a2200289Ia 4500
005 20260324112255.0
008 008 260324s9999 xx 000 0 eng d
020 _a9781003430971
037 _aEBOOK
040 _aCRL
040 _beng
040 _cCRL
041 _2eng
041 _aeng
084 _qCRL
100 _aSarah Travis; Azlan Guttenberg Smith; Catalina Hernández-Cabal; Jorge Lucero
_91142011
245 0 _aExperiments in Art Research
245 0 _bHow Do We Live Questions Through Art?
260 _bTaylor and Francis
260 _c2024
365 _a
365 _b230
856 _uhttp://www.taylorfrancis.com/books/9781003430971
942 _cEBOOK
999 _c1731159
_d1731159